Identify the language: Let It Go multilanguage version - Statistics

General Stats
  • This quiz has been taken 2,457 times
  • The average score is 15 of 25
Answer Stats
Hint Answer % Correct
The snow glows white on the mountain tonight, not a footprint to be seen English
100%
Der Wind, er heult so wie der Sturm ganz tief in mir German
99%
Un royaume de solitude, ma place est là pour toujours French
98%
Libre soy, libre soy, libertad sin vuelta atrás. Latin American Spanish
93%
Het werd mij te veel hoe ‘k mijn best ook deed Dutch
90%
Bié ràng tā men jìn lái kàn jiàn, zuò hǎo nǚ hái jiù xiàng nǐ de cóng qián Mandarin
88%
Wszystkim wbrew, na ten gest mnie stać! Polish
87%
Desde la distancia, que pequeño todo es. Castilian Spanish
85%
Visa ingenting, vad du än gör, allting förstört Swedish
81%
Je suis là, comme je l'ai rêvé Canadian French
76%
Non è un difetto, è una virtù, e non la fermerò mai più Italian
72%
Jöjjön száz orkán, és közben a szívemen ül a jég Hungarian
62%
Estou aqui, e vou ficar, venha tempestade Portuguese
62%
En de storm raast door! De vrieskou daar zat ik toch al niet mee Flemish
59%
Ari no, mama no, sugata miseru no yo Japanese
59%
Og som krystaller står en tanke ganske klar Danish
55%
Podvlastny mne morozy, lyod nu chto za divnyy dar Russian
54%
La den gå, la den gå, eg skal stige lik solen nå Norwegian
52%
I les pors que em dominaven per sempre han fugit Catalan
38%
Sad je kraj, sad je kraj, na krilima vetra sam Serbian
32%
Nae mamdaelo jayulobge, sallae Korean
28%
seoi4 jik6 jiu1 cyun4 sam1 gong2, mong4 deu6 zok3 tin1 bei1 go1 Cantonese
23%
bplòi òk maa, lêrk sôn ráyn, dèk dee mâi hĕn mee kâa Thai
23%
Kuasaku buat hidup bercelaru Bahasa Malaysia
20%
Shte spra da bŭda az na minaloto plen Bulgarian
13%
No matching quizzes found
Score Distribution
Percent of People with Each Score
Percentile by Number Answered
Your Score History
You have not taken this quiz